<?xml version='1.0' encoding='UTF-8'?>
  <record xmlns="http://www.loc.gov/MARC21/slim">
    <leader>00000cam a22000007i 4500</leader>
    <controlfield tag="001">ocm65363170</controlfield>
    <controlfield tag="003">OCoLC</controlfield>
    <controlfield tag="005">20260125171231.2</controlfield>
    <controlfield tag="008">900517s1849    be            000 0 dut d</controlfield>
    <datafield tag="040" ind1=" " ind2=" ">
      <subfield code="a">NLGGC</subfield>
      <subfield code="b">dut</subfield>
      <subfield code="e">fobidrtb</subfield>
      <subfield code="c">NLGGC</subfield>
      <subfield code="d">OCLCO</subfield>
      <subfield code="d">OCLCQ</subfield>
    </datafield>
    <datafield tag="029" ind1="0" ind2=" ">
      <subfield code="a">NLGGC</subfield>
      <subfield code="b">061650854</subfield>
    </datafield>
    <datafield tag="035" ind1=" " ind2=" ">
      <subfield code="a">(OCoLC)65363170</subfield>
    </datafield>
    <datafield tag="245" ind1="0" ind2="0">
      <subfield code="a">Oudvlaemsche liederen en andere gedichten der XIVe en XVe eeuwen /</subfield>
      <subfield code="c">[uitg. door C. Carton naar een hs. behorende aan de Burggraaf De Croeser de Berghes].</subfield>
    </datafield>
    <datafield tag="246" ind1="3" ind2=" ">
      <subfield code="a">Oudvlaemsche liederen en andere gedichten der 14e en 15e eeuwen</subfield>
    </datafield>
    <datafield tag="260" ind1=" " ind2=" ">
      <subfield code="a">Gent :</subfield>
      <subfield code="b">Maetschappy der Vlaemsche bibliophilen,</subfield>
      <subfield code="c">[1849]</subfield>
      <subfield code="e">(Gent :</subfield>
      <subfield code="f">Drukkerij van C. Annoot-Braeckman)</subfield>
    </datafield>
    <datafield tag="300" ind1=" " ind2=" ">
      <subfield code="a">VIII, 540, XXIX p. :</subfield>
      <subfield code="b">muz. ;</subfield>
      <subfield code="c">24 cm.</subfield>
    </datafield>
    <datafield tag="336" ind1=" " ind2=" ">
      <subfield code="a">tekst</subfield>
      <subfield code="b">txt</subfield>
      <subfield code="2">rdacontent/dut</subfield>
    </datafield>
    <datafield tag="337" ind1=" " ind2=" ">
      <subfield code="a">zonder medium</subfield>
      <subfield code="b">n</subfield>
      <subfield code="2">rdamedia/dut</subfield>
    </datafield>
    <datafield tag="338" ind1=" " ind2=" ">
      <subfield code="a">band</subfield>
      <subfield code="b">nc</subfield>
      <subfield code="2">rdacarrier/dut</subfield>
    </datafield>
    <datafield tag="490" ind1="1" ind2=" ">
      <subfield code="a">Maetschappy der Vlaemsche bibliophilen ;</subfield>
      <subfield code="v">2e serie, no. 9</subfield>
    </datafield>
    <datafield tag="500" ind1=" " ind2=" ">
      <subfield code="a">De delen met doorlopende paginering.</subfield>
    </datafield>
    <datafield tag="700" ind1="1" ind2=" ">
      <subfield code="a">Carton, C.</subfield>
      <subfield code="q">(Charles Louis),</subfield>
      <subfield code="d">1802-1863.</subfield>
      <subfield code="1">https://id.oclc.org/worldcat/entity/E39PBJm99W9439T4ccY63P3JDq</subfield>
    </datafield>
    <datafield tag="776" ind1="0" ind2=" ">
      <subfield code="t">Oudvlaemsche liederen en andere gedichten der XIVe en XVe eeuwen</subfield>
      <subfield code="w">(NL-LeOCL)358011515</subfield>
      <subfield code="w">(OCoLC)847181615</subfield>
    </datafield>
    <datafield tag="776" ind1="0" ind2=" ">
      <subfield code="t">Oudvlaemsche liederen en andere gedichten der XIVe en XVe eeuwen</subfield>
      <subfield code="w">(NL-LeOCL)393339416</subfield>
      <subfield code="w">(OCoLC)847181615</subfield>
    </datafield>
    <datafield tag="776" ind1="0" ind2=" ">
      <subfield code="t">Oudvlaemsche liederen en andere gedichten der XIVe en XVe eeuwen</subfield>
      <subfield code="w">(NL-LeOCL)425169227</subfield>
      <subfield code="w">(OCoLC)847181615</subfield>
    </datafield>
    <datafield tag="830" ind1=" " ind2="0">
      <subfield code="a">Maetschappy der Vlaemsche Bibliophilen ;</subfield>
      <subfield code="v">2e serie, no. 9.</subfield>
      <subfield code="w">(NL-LeOCL)851302300</subfield>
      <subfield code="w">(OCoLC)72800079</subfield>
    </datafield>
    <datafield tag="936" ind1=" " ind2=" ">
      <subfield code="a">BATCHLOAD</subfield>
    </datafield>
  </record>